Počítačové modelovanie požiaru v uzavretých priestoroch

Guardado en:
Detalles Bibliográficos
Autor principal: Kadlec, Milan, 1990- (Autor)
Otros Autores: Chrebet, Tomáš, 1984- (Orientador)
Formato: Manuscrito Libro
Lenguaje:eslovaco
Publicado: Trnava : STU v Bratislave MTF UBEI, 2013
Materias:
Acceso en línea:VAIS
Etiquetas: Agregar Etiqueta
Sin Etiquetas, Sea el primero en etiquetar este registro!

MARC

LEADER 00000ntm a22000003a 4500
001 stu269954
005 20160708113750.6
008 130703s2013----xo------------------slo-d
040 |a STU  |b slo 
041 0 |a slo 
044 |a xo 
100 1 |a Kadlec, Milan,  |d 1990-  |4 aut  |u M  |T MTF Materiálovotechnologická fakulta  |X 44705  |U M  |Y 60  |7 A000044705 
242 0 0 |a Computer modeling of fires in enclosed areas  |y eng 
245 1 |a Počítačové modelovanie požiaru v uzavretých priestoroch 
260 |a Trnava :  |b STU v Bratislave MTF UBEI,  |c 2013 
650 7 |a Occupational Health and Safety  |2 estusub 
650 7 |a CFD model  |2 stusub 
650 7 |a CFD model  |2 estusub 
650 7 |a fire  |2 estusub 
650 7 |a CFD model  |2 stusub 
650 7 |a CFD model  |2 estusub 
650 7 |a požiar  |2 stusub 
700 1 |a Chrebet, Tomáš,  |d 1984-  |4 ths  |u M5000  |U MTF Materiálovotechnologická fakulta  |T MTF Ústav bezpečnosti, environmentu a kvality  |X 28018  |U M5000  |Y 85  |7 A000028018 
856 4 |a info a plný text  |u http://is.stuba.sk/zp/portal_zp.pl?podrobnosti=84804  |3 VAIS 
996 |c M*BP-6334  |l MMSKP  |s P  |a 0  |w stu269954_0001